000 01971nam a2200385 i 4500
003 DO-SdBNP
005 20240813140336.0
006 a||||gr|||| 00| 0
007 ta
008 240813e1994 dr a|||| |||| 00| 0 spa d
040 _aDO-SdBNP
_bspa
_cBNPHU
_erda
082 4 _222
_bM516j
100 1 _aMejía, Milcíades
_943514
_eautor
245 1 3 _aEl jardín Botánico Nacional /
_cRafael M. Moscoso, Ricardo García, fotos, Luis Vásquez, Vicente Tolentino y Dieter Höner; ilustraciones, Sésar Rodríguez.
264 1 _aSanto Domingo :
_bJardín Botánico Nacional Dr. Rafael M. Moscoso,
_c1994
300 _a47 páginas :
_bilustraciones, mapas ;
_c20 cm.
336 _2rdacontent
_atexto
_btxt
337 _2rdamedia
_asin mediación
_bn
338 _2rdacarrier
_avolumen
_bn
500 _aSegunda edición revisada, 1994.
505 _aPresentación.
_tJardines Botánicos: historia y desarrollo.--
_tJardín Botánico Nacional.--
_tPlano Jardín Botánico Nacional.--
_tDepartamentos.--
_tConferencias y Exposiciones.--
_tPlantas Acuáticas.-- Bromelia.-- Helechos.-- Orquídeas.-- Arboretum.-- Área de Plamas.-- Reserva Forestal.-- Gran Cañada.-- Plantas con Flores Vsitosas.-- Jardín Japonés.-- Cactáceas y Suculentas.-- Frutales, Herbolario.-- Plantas Endémicas.
590 _aInventariado 2024 / MF
650 4 _aJardínes Botánicos
_zRepública Dominicana
_920633
650 1 _aMorfogénesis de Las Plantas
_926245
650 4 _aGenéticas de Las Plantas
_922314
700 1 _aGarcía, Ricardo,
_d1958-
_923961
_eautor
700 1 _aVásquez, Luis,
_955603
_efotografías
700 1 _aVicente, Tolentino,
_985326
_efotografías
700 1 _aHöner, Dieter,
_efotografía
_986329
700 1 _aRodríguez, Sésar
_986279
_eilustrador
710 1 _aJardín Botánico Nacional Dr. Rafael Ma. Moscoso
_bRepública Dominicana
_917888
710 2 _aFundación de Desarrollo Agropecuario INC.
_986330
710 2 _aGreen Caribe
_986331
942 _2ddc
_cLBS1
999 _c57433
_d57433